000 00416nam a2200169Ia 4500
008 240729s9999 xx 000 0 und d
022 _a2730-6844
245 0 _aBMC Genomic Data
260 _aUnited Kingdom
260 _bBMC
650 _a Biology (General)
650 _a Genetics
650 _aScience
856 _uhttps://doaj.org/toc/75fca4176d5845b5bc38de15e410c709
942 _2ddc
942 _cDOAJEJ
999 _c73970
_d73970
945 _a1
_bMadushi Gamage
_c1
_dMadushi Gamage